| 000 -LEADER |
| fixed length control field |
01171nam a2200313 a 4500 |
| 001 - CONTROL NUMBER |
| control field |
1103148 |
| 005 - DATE AND TIME OF LATEST TRANSACTION |
| control field |
20190221161116.0 |
| 008 - FIXED-LENGTH DATA ELEMENTS--GENERAL INFORMATION |
| fixed length control field |
920925s1992 ii b 001 0 eng |
| 010 ## - LIBRARY OF CONGRESS CONTROL NUMBER |
| LC control number |
92906915 |
| 020 ## - INTERNATIONAL STANDARD BOOK NUMBER |
| International Standard Book Number |
8170416361 : |
| Terms of availability |
Rs2500.00 |
| 025 ## - OVERSEAS ACQUISITION NUMBER |
| Overseas acquisition number |
I-E-69297 |
| 040 ## - CATALOGING SOURCE |
| Original cataloging agency |
DLC |
| Transcribing agency |
DLC |
| Modifying agency |
DLC |
| 043 ## - GEOGRAPHIC AREA CODE |
| Geographic area code |
a-ii--- |
| 050 00 - LIBRARY OF CONGRESS CALL NUMBER |
| Classification number |
DS421 |
| Item number |
.I53 1992 |
| 082 00 - DEWEY DECIMAL CLASSIFICATION NUMBER |
| Classification number |
B11x54 Sa72i |
| 100 ## - MAIN ENTRY--PERSONAL NAME |
| Personal name |
T.R. Sareen |
| 9 (RLIN) |
2221 |
| 245 00 - TITLE STATEMENT |
| Title |
India through ages / |
| Statement of responsibility, etc |
editors, T.R. Sareen, S.R. Bakshi. |
| 260 ## - PUBLICATION, DISTRIBUTION, ETC. (IMPRINT) |
| Place of publication, distribution, etc |
New Delhi : |
| Name of publisher, distributor, etc |
Anmol Publications, |
| Date of publication, distribution, etc |
c1992. |
| 300 ## - PHYSICAL DESCRIPTION |
| Extent |
5 v. ; |
| Dimensions |
23 cm. |
| 440 ## - SERIES STATEMENT/ADDED ENTRY--TITLE |
| Title |
India through ages |
| Volume number/sequential designation |
vol. 1: Ancient culture and civilisation |
| 9 (RLIN) |
2222 |
| 500 ## - GENERAL NOTE |
| General note |
v. 1. Ancient culture and civilisation -- v. 2. Temples of India -- v. 3. Cities of India -- v. 4. Castes and tribes of India -- v. 5. Folklore of India. |
| 504 ## - BIBLIOGRAPHY, ETC. NOTE |
| Bibliography, etc |
Includes bibliographical references. |
| 520 ## - SUMMARY, ETC. |
| Summary, etc |
Contributed ar |
| 651 #0 - SUBJECT ADDED ENTRY--GEOGRAPHIC NAME |
| Geographic name |
India |
| General subdivision |
Civilization. |
| 9 (RLIN) |
2223 |
| 700 1# - ADDED ENTRY--PERSONAL NAME |
| Personal name |
Sareen, Tilak Raj, |
| Dates associated with a name |
1935- |
| 9 (RLIN) |
2224 |
| 700 1# - ADDED ENTRY--PERSONAL NAME |
| Personal name |
Bakshi, S. R. |
| Fuller form of name |
(Shiri Ram), |
| Dates associated with a name |
1935- |
| 9 (RLIN) |
2225 |
| 906 ## - LOCAL DATA ELEMENT F, LDF (RLIN) |
| a |
7 |
| b |
cbc |
| c |
orignew |
| d |
3 |
| e |
ncip |
| f |
19 |
| g |
y-gencatlg |
| 955 ## - COPY-LEVEL INFORMATION (RLIN) |
| Classification number, CCAL (RLIN) |
wd00; yk01 01-15-93; yk10 01-19-93;aa03 4-27-93 |